000 01994nam a2200469Ii 4500
001 DIGOLEJNK0129
003 NyNyDIG
006 m o d
007 cr |||||||||||
008 220522s2021 cl o 000 0 spa d
035 _a(OCoLC)1335132183
040 _aDGITA
_beng
_erda
_epn
_cDGITA
020 _z9789563929782
041 0 _aspa
_bspa
_beng
043 _as-ck---
050 1 4 _aKHH3269 ebook
100 1 _aSantofimio G., Jaime Orlando,
_eauthor.
245 1 0 _aResponsabilidad del Estado por la actividad judicial /
_cJaime Orlando Santofimio Gamboa ; con la colaboración de Andrés Mauricio Briceño Chaves.
264 1 _aSantiago, Chile :
_bEdiciones Olejnik,
_c[2021]
300 _a1 online resource.
336 _atext
_btxt
_2rdacontent
337 _acomputer
_bc
_2rdamedia
338 _aonline resource
_bcr
_2rdacarrier
347 _atext file
_2rdaft
347 _bPDF
490 1 _aBiblioteca de derecho administrativo. Colección Allan R. Brewer-Carías
546 _aText in Spanish with abstract in Spanish and English.
588 0 _aOnline resource; title from PDF title page (Digitalia, viewed May 22, 2022)
610 1 0 _aColombia.
_bConsejo de Estado.
650 0 _aAdministrative responsibility
_zColombia.
650 0 _aJustice, Administration of
_zColombia.
650 0 _aAdministrative responsibility.
650 0 _aJustice, Administration of.
700 1 _aBriceño Chaves, Andrés Mauricio,
_eauthor.
791 2 _aDigitalia (Firm),
_edistributor.
793 0 _gDigitalia eBook Collection:
_aEdiciones Olejnik
776 0 8 _iPrint version:
_aSantofimio G., Jaime Orlando.
_tResponsabilidad del estado por la actividad judicial.
_b2a. edición.
_dSantiago, Chile : Ediciones Olejnik, 2021
_z9789563929782
830 0 _aBiblioteca de derecho administrativo.
_pColección Allan R. Brewer-Carías.
856 4 0 _3Digitalia Hispánica
_uhttps://www.digitaliapublishing.com/a/104305/
910 _aPremium collection: 2022
942 _cRAA
999 _c270264
_d270264